Länder an der Donau - Statistiken

Allgemein
  • Dieses Quiz wurde 32.742 mal gespielt
  • Das Durchschnittsergebnis liegt bei 8 aus 10
Antwortstatistiken
Land % Korrekt
Deutschland
100%
Österreich
98%
Ungarn
93%
Slowakei
88%
Rumänien
87%
Bulgarien
82%
Serbien
81%
Kroatien
74%
Ukraine
70%
Moldawien
66%
Keine übereinstimmenden Quizze gefunden
Verteilung der Resultate
Anzahl Personen mit jedem Resultat
Perzentil nach korrekt beantworteten Fragen
Ihre Resultats-Entwicklung
Sie haben dieses Quiz noch nicht gespielt